000 00624nam a2200217Ia 4500
005 20230221144532.0
008 131103s9999 xx 000 0 und d
040 _aLoreto College
041 _aEnglish
082 _a821(I)
_bPAR
245 _aTen twentieth century Indian poets
_cchosen and edited by R. Parthasarathy
260 _aDelhi
_bOxford University Press
_c1976
300 _aix,114 p.
440 _aThree crowns books
504 _aIncludes bibliographical references and index
630 _aIndian Poets
650 _aEnglish Poetry
651 _a20th Century - Poets
850 _aLCLIB
942 _cBK
999 _c6589
_d57068